00233nam a2200109Ia 4500008004100000100001600041245002200057260000800079650001200087942000700099999001700106190216s9999||||xx |||||||||||||| ||und|| aHari Sharma 0aNadaka Praveshika bDph aNadakam cBK c26246d26246